Drak spí /
V detektivce oceňované české autorky se v malé vesničce probouzí starý nevyřešený případ a plodí nové zločiny.
Uloženo v:
| Série: | Josef Bergman,
část 7 |
|---|---|
| Hlavní autor: | |
| Další autoři: | , |
| Médium: | E-audiokniha |
| Jazyk: | Czech |
| Vydáno: |
Praha :
Voxi,
[2021]
|
| Témata: | |
| Příbuzné jednotky: | Z cyklu::
Josef Bergman |
| Tagy: |
Žádné tagy |
| LEADER | 03575nim a2200817 i 4500 | ||
|---|---|---|---|
| 001 | 313105 | ||
| 003 | CZ PrSKC | ||
| 005 | 20260601215735.0 | ||
| 007 | sd fungnnmmned | ||
| 008 | 210210t20212021xr nnnng f n cze | ||
| 015 | |a cnb003307291 | ||
| 024 | 3 | |a 8594050431287 | |
| 040 | |a ABA001 |b cze |e rda | ||
| 072 | 7 | |a 821.162.3-3 |x Česká próza |2 Konspekt | |
| 080 | |a 821.162.3-31 |2 MRF | ||
| 080 | |a (0:82-312.4) |2 MRF | ||
| 080 | |a (086.7)08 |2 MRF | ||
| 080 | |a (086.76) |2 MRF | ||
| 100 | 1 | |a Klevisová, Michaela, |d 1976- |7 xx0065727 |4 aut | |
| 245 | 1 | 0 | |a Drak spí / |c Michaela Klevisová |
| 264 | 1 | |a Praha : |b Voxi, |c [2021] | |
| 264 | 4 | |c ©2021 | |
| 300 | |a 1 audiodisk (11 hod., 56 min.) ; |c 12 cm | ||
| 306 | |a 115600 | ||
| 336 | |a mluvené slovo |b spw |2 rdacontent | ||
| 337 | |a audio |b s |2 rdamedia | ||
| 338 | |a audiodisk |b sd |2 rdacarrier | ||
| 344 | |a digital |b optical |2 rda | ||
| 347 | |a audio soubor |b MP3 |2 rda | ||
| 500 | |a Název z disku | ||
| 500 | |a Copyright Albatros Media | ||
| 500 | |a Nezkrácená audiokniha ve formátu mp3 | ||
| 500 | |a Podle stejnojmenné knihy vydané nakladatelstvím Motto v roce 2020 | ||
| 508 | |a Režie Alexej Charvát | ||
| 511 | 0 | |a Čte Kristýna Kociánová | |
| 520 | 2 | |a V detektivce oceňované české autorky se v malé vesničce probouzí starý nevyřešený případ a plodí nové zločiny. |b V zapadlé jihočeské vesničce se před čtrnácti lety odehrálo něco, o čem Eliščina matka už nikdy nechtěla mluvit. Dospělá Eliška se teď vrací, aby dávné události pochopila. Po jejím příjezdu však zmizí mladá žena a další je zavražděna. Spojitost zločinu se starým nevyřešeným případem nakonec přivede na scénu Josefa Bergmana. A kriminalista během pátrání po vrahovi zjišťuje, že místní před ním tají temnou minulost i vlastní skříně plné kostlivců. Nakladatelská anotace. | |
| 655 | 7 | |a české romány |7 fd133974 |2 czenas | |
| 655 | 7 | |a detektivní romány |7 fd132010 |2 czenas | |
| 655 | 7 | |a audioknihy |7 fd119452 |2 czenas | |
| 655 | 7 | |a kompaktní disky |7 fd201991 |2 czenas | |
| 700 | 1 | |a Charvát, Alexej, |d 1952- |7 xx0069489 |4 drt | |
| 700 | 1 | |a Kociánová, Kristýna, |d 1985- |7 xx0199445 |4 nrt | |
| 787 | 0 | 8 | |i Z cyklu: |t Josef Bergman |g 7 |
| 900 | |a ABA001 |b 18 | ||
| 044 | |a xr | ||
| 505 | 0 | 0 | |t 01 Proloq (2 min., 38 sek.) |
| 505 | 0 | 0 | |t 02K01 (16 min., 10 sek.) |
| 505 | 0 | 0 | |t 03K02 (33 min., 16 sek.) |
| 505 | 0 | 0 | |t 04K03 (32 min., 14 sek.) |
| 505 | 0 | 0 | |t 05K04 (58 min., 20 sek.) |
| 505 | 0 | 0 | |t 06K05 (41 min., 0 sek.) |
| 505 | 0 | 0 | |t 07K06 (37 min., 49 sek.) |
| 505 | 0 | 0 | |t 08K07 (31 min., 17 sek.) |
| 505 | 0 | 0 | |t 09K08 (33 min., 34 sek.) |
| 505 | 0 | 0 | |t 10K09 (11 min., 44 sek.) |
| 505 | 0 | 0 | |t 11K10 (52 min., 31 sek.) |
| 505 | 0 | 0 | |t 12K11 (28 min., 34 sek.) |
| 505 | 0 | 0 | |t 13K12 (16 min., 55 sek.) |
| 505 | 0 | 0 | |t 14K13 (42 min., 36 sek.) |
| 505 | 0 | 0 | |t 15K14 (26 min., 55 sek.) |
| 505 | 0 | 0 | |t 16K15 (38 min., 8 sek.) |
| 505 | 0 | 0 | |t 17K16 (33 min., 32 sek.) |
| 505 | 0 | 0 | |t 18K17 (25 min., 56 sek.) |
| 505 | 0 | 0 | |t 19K18 (32 min., 10 sek.) |
| 505 | 0 | 0 | |t 20K19 (23 min., 34 sek.) |
| 505 | 0 | 0 | |t 21K20 (46 min., 47 sek.) |
| 505 | 0 | 0 | |t 22K21 (40 min., 15 sek.) |
| 505 | 0 | 0 | |t 23K22 (10 min., 4 sek.) |
| 910 | |a RBIT002 | ||
| 998 | |d 354365 |a https://core.palmknihy.cz/api/books/354365/cover?sh6w53 |b https://core.palmknihy.cz/api/books/354365/cover/400?sh6w53 |c https://core.palmknihy.cz/api/books/354365/cover/50?sh6w53 |e 2029-12-31 |i 8594050431287 |l 43080 |q 49 |r 1 |s https://www.palmknihy.cz/kniha/354365 |t audiobook |y 2021 |z 0 | ||
| 999 | |d 313103 | ||